[Event "SUI-chT"]
[Site "Switzerland"]
[Date "2024.03.10"]
[Round "1.1"]
[White "Jogstad, Martin"]
[Black "Kraemer, Martin"]
[Result "0-1"]
[WhiteElo "2401"]
[BlackElo "2574"]
[PlyCount "122"]
[EventDate "2024.03.10"]
[EventType "team-tourn"]
[EventRounds "9"]
[EventCountry "SUI"]
[SourceTitle "CB19_2024"]
[SourceDate "2024.05.08"]
[SourceVersion "1"]
[SourceVersionDate "2024.05.08"]
[SourceQuality "1"]
[WhiteTeam "Bodan"]
[BlackTeam "Luzern"]
[WhiteTeamCountry "SUI"]
[BlackTeamCountry "SUI"]

1. d4 Nf6 2. Nf3 d5 3. g3 Bf5 4. c4 e6 5. Qb3 Nc6 6. Bg2 Bb4+ 7. Nc3 dxc4 8. Qxc4 Qd5 9. Qxd5 exd5 10. 0-0 0-0 11. Bf4 Rfe8 12. e3 Bxc3 13. bxc3 Rac8 14. Rfc1 h6 15. h4 Be4 16. c4 Nb4 17. Ne1 Bxg2 18. Kxg2 dxc4 19. Rxc4 Nbd5 20. Rac1 c6 21. Nd3 Ne4 22. f3 Nxf4+ 23. Nxf4 Nf6 24. Kf2 g5 25. Nd3 g4 26. Ne5 h5 27. Rf1 c5 28. Rfc1 b6 29. Nd3 Rcd8 30. Nf4 Rd6 31. R1c2 cxd4 32. Rxd4 Rxd4 33. exd4 Rd8 34. d5 Kf8 35. fxg4 hxg4 36. h5 Rd7 37. h6 Kg8 38. Rc8+ Kh7 39. Ke3 Nxd5+ 40. Nxd5 Rxd5 41. Rc4 Ra5 42. a4 f5 43. Kf4 Kxh6 44. Rd4 Kg6 45. Rd6+ Kf7 46. Rd4 Kf6 47. Rd6+ Ke7 48. Rd4 Ke6 49. Kg5 Re5 50. Rd8 Rd5 51. Rc8 Rc5 52. Rd8 Rd5 53. Rc8 Kd7 54. Rc4 Kd6 55. Rc8 Rc5 56. Rd8+ Ke5 57. Rd1 Ra5 58. Re1+ Kd4 59. Rf1 Kc3 60. Rxf5 Rxa4 61. Rb5 Ra5 0-1

[Event "Bundesliga 2324"]
[Site "Germany"]
[Date "2024.02.25"]
[Round "11.6"]
[White "Ragger, Markus"]
[Black "Kraemer, Martin"]
[Result "1/2-1/2"]
[WhiteElo "2615"]
[BlackElo "2579"]
[PlyCount "99"]
[EventDate "2023.10.21"]
[EventType "team-tourn"]
[EventRounds "15"]
[EventCountry "GER"]
[SourceTitle "CB09_2024"]
[SourceDate "2024.02.28"]
[SourceVersion "1"]
[SourceVersionDate "2024.02.28"]
[SourceQuality "1"]
[WhiteTeam "Solingen"]
[BlackTeam "Heimbach Weis Neuwied"]
[WhiteTeamCountry "GER"]
[BlackTeamCountry "GER"]

1. e4 c5 2. Nf3 d6 3. Bb5+ Nd7 4. 0-0 a6 5. Be2 Ngf6 6. d3 e6 7. a4 Be7 8. a5 0-0 9. Re1 Qc7 10. Bf1 Re8 11. h3 h6 12. Nbd2 b5 13. axb6 Nxb6 14. e5 dxe5 15. Nxe5 a5 16. Ndc4 Nxc4 17. Nxc4 a4 18. Be2 Bb7 19. Bf3 Bxf3 20. Qxf3 Nd5 21. Qg4 Nf6 22. Bf4 Qb7 23. Qg3 Nh5 24. Qe3 Nxf4 25. Qxf4 Ra6 26. Ra2 Rea8 27. Qe4 Qb8 28. Ne5 Qb5 29. Qc4 Qe8 30. Rea1 Bd6 31. Nf3 Qb8 32. Nd2 Rb6 33. Qe4 Rba6 34. Nc4 Be7 35. Ra3 R8a7 36. g3 Qb5 37. Kg2 Bf6 38. R1a2 g6 39. Qf4 Kg7 40. Nd6 Qc6+ 41. Ne4 Be7 42. Kg1 f5 43. Nd2 c4 44. Qd4+ e5 45. Qxe5+ Kh7 46. Nxc4 Bxa3 47. Rxa3 Qd7 48. Ra1 Re6 49. Qf4 Qb5 50. Qf3 1/2-1/2

[Event "Bundesliga 2324"]
[Site "Germany"]
[Date "2024.02.04"]
[Round "8.5"]
[White "Kraemer, Martin"]
[Black "Brkic, Ante"]
[Result "1/2-1/2"]
[WhiteElo "2579"]
[BlackElo "2606"]
[PlyCount "51"]
[EventDate "2023.10.21"]
[EventType "team-tourn"]
[EventRounds "15"]
[EventCountry "GER"]
[SourceTitle "CB06_2024"]
[SourceDate "2024.02.07"]
[SourceVersion "1"]
[SourceVersionDate "2024.02.07"]
[SourceQuality "1"]
[WhiteTeam "Heimbach Weis Neuwied"]
[BlackTeam "Kirchweyhe"]
[WhiteTeamCountry "GER"]
[BlackTeamCountry "GER"]

1. e4 c5 2. Nf3 d6 3. d4 cxd4 4. Nxd4 Nf6 5. Nc3 a6 6. Be3 e5 7. Nb3 Be7 8. f3 Be6 9. Qd2 0-0 10. 0-0-0 Nbd7 11. g4 b5 12. g5 Nh5 13. Kb1 Nb6 14. Na5 Rc8 15. a3 g6 16. h4 Ng3 17. Rg1 Nxf1 18. Rgxf1 Na4 19. Nxa4 bxa4 20. f4 exf4 21. Rxf4 Qe8 22. Bd4 Qb5 23. Qb4 Qe2 24. Qd2 Qb5 25. Qb4 Qe2 26. Qd2 1/2-1/2

[Event "Sitges Sunway op 10th"]
[Site "Sitges"]
[Date "2023.12.16"]
[Round "5"]
[White "Aradhya, Garg"]
[Black "Kraemer, Martin"]
[Result "1/2-1/2"]
[WhiteElo "2371"]
[BlackElo "2573"]
[PlyCount "209"]
[EventDate "2023.12.12"]
[EventType "swiss"]
[EventRounds "10"]
[EventCountry "ESP"]
[SourceTitle "CB52_2023"]
[SourceDate "2023.12.27"]
[SourceVersion "1"]
[SourceVersionDate "2023.12.27"]
[SourceQuality "1"]

1. d4 Nf6 2. Nf3 d5 3. c4 e6 4. Nc3 c6 5. e3 Nbd7 6. Qc2 Bd6 7. Bd3 0-0 8. 0-0 dxc4 9. Bxc4 b5 10. Be2 Bb7 11. e4 e5 12. dxe5 Nxe5 13. Nd4 Neg4 14. Nf5 Bxh2+ 15. Kh1 Bb8 16. Bg5 Qc7 17. f4 Bc8 18. e5 Nxe5 19. Bxf6 Bxf5 20. Qxf5 Ng6 21. Be5 Nxe5 22. Qxe5 Qxe5 23. fxe5 Bxe5 24. Rad1 Rad8 25. Bf3 b4 26. Na4 c5 27. Nxc5 Bxb2 28. Bd5 Bf6 29. Rf5 Be7 30. Nb7 Rde8 31. Re5 b3 32. Bxb3 Bb4 33. Rxe8 Rxe8 34. Nd8 Re4 35. g3 Kf8 36. Nxf7 Re3 37. Kg2 Be1 38. g4 Bh4 39. Rd7 Rg3+ 40. Kh2 Rxg4 41. Nd6 Rf4 42. Rxa7 h5 43. Rf7+ Rxf7 44. Nxf7 Bf6 45. a4 Ke7 46. Nh8 g5 47. Ng6+ Kd6 48. Bd1 g4 49. Kg2 Bg5 50. Bb3 Kc5 51. Be6 Kb4 52. Bd7 h4 53. Ne5 g3 54. Nd3+ Ka5 55. Nc5 Be7 56. Nb3+ Kb4 57. Nd4 Bf6 58. Nc2+ Ka5 59. Kh3 Bg5 60. Be8 Bf6 61. Bc6 Bg5 62. Kg4 Bf6 63. Kf3 Bg5 64. Bd7 Bf6 65. Ne3 Bg5 66. Nc4+ Kb4 67. Nd6 Ka5 68. Ne4 Be7 69. Kg2 Kb4 70. Be8 Ka5 71. Nc3 Bf6 72. Nd5 Bg5 73. Bb5 Bd8 74. Kh3 Bg5 75. Bc6 Bd8 76. Be8 Bg5 77. Bd7 Bd8 78. Ne3 Bg5 79. Ng4 Be7 80. Bb5 Bg5 81. Kg2 Be7 82. Ne5 Bf6 83. Nc6+ Kb6 84. Nb8 Ka5 85. Nd7 Be7 86. Kh3 Bg5 87. Kg2 Be7 88. Bc6 Bg5 89. Nf8 Be7 90. Ng6 Bf6 91. Nf4 Bg5 92. Nd5 Bd8 93. Kh3 Bg5 94. Bb5 Bd8 95. Ne3 Kb4 96. Nd5+ Ka5 97. Kg2 Bg5 98. Bd7 Bd8 99. Kh3 Bg5 100. Bb5 Bd8 101. Bc6 Bg5 102. Nc3 Kb4 103. Ne4 Be7 104. Nd2 Bg5 105. Nf3 1/2-1/2

[Event "Sitges Sunway op 10th"]
[Site "Sitges"]
[Date "2023.12.14"]
[Round "3"]
[White "Pruess, David"]
[Black "Kraemer, Martin"]
[Result "1/2-1/2"]
[WhiteElo "2317"]
[BlackElo "2573"]
[PlyCount "60"]
[EventDate "2023.12.12"]
[EventType "swiss"]
[EventRounds "10"]
[EventCountry "ESP"]
[SourceTitle "CB52_2023"]
[SourceDate "2023.12.27"]
[SourceVersion "1"]
[SourceVersionDate "2023.12.27"]
[SourceQuality "1"]

1. e4 e5 2. Nf3 Nc6 3. d4 exd4 4. Nxd4 Nf6 5. Nxc6 bxc6 6. Bd3 d5 7. exd5 cxd5 8. 0-0 Be7 9. c4 0-0 10. Nc3 c6 11. cxd5 Nxd5 12. Nxd5 cxd5 13. Be3 Bf6 14. Rc1 d4 15. Bf4 Qd5 16. Re1 Bf5 17. Be5 Bxe5 18. Bxf5 Bxh2+ 19. Kxh2 Qxf5 20. Qxd4 Rad8 21. Qxa7 Rd2 22. Kg1 Rxb2 23. a4 h5 24. Qc5 Qxc5 25. Rxc5 Ra2 26. Rxh5 Rxa4 27. Rf5 g6 28. Rf3 Kg7 29. g3 Ra6 30. Re7 Rf6 1/2-1/2

[Event "Bundesliga 2324"]
[Site "Germany"]
[Date "2023.12.02"]
[Round "3.4"]
[White "Kraemer, Martin"]
[Black "Lagarde, Maxime"]
[Result "1/2-1/2"]
[WhiteElo "2579"]
[BlackElo "2626"]
[PlyCount "108"]
[EventDate "2023.10.21"]
[EventType "team-tourn"]
[EventRounds "15"]
[EventCountry "GER"]
[SourceTitle "CB49_2023"]
[SourceDate "2023.12.06"]
[SourceVersion "1"]
[SourceVersionDate "2023.12.06"]
[SourceQuality "1"]
[WhiteTeam "Heimbach Weis Neuwied"]
[BlackTeam "Oetigheim"]
[WhiteTeamCountry "GER"]
[BlackTeamCountry "GER"]

1. d4 Nf6 2. c4 e6 3. Nf3 b6 4. g3 Ba6 5. b3 Bb4+ 6. Bd2 Be7 7. Bg2 d5 8. cxd5 exd5 9. 0-0 0-0 10. Nc3 Nbd7 11. Ne5 Bb7 12. Qc2 Re8 13. Rad1 Nf8 14. Bg5 c6 15. e3 N6d7 16. Bxe7 Qxe7 17. Nd3 Nf6 18. Rfe1 Qd6 19. b4 Ne4 20. Nxe4 dxe4 21. Ne5 f6 22. Qb3+ Qd5 23. Nc4 Ne6 24. Bxe4 Qxe4 25. Nd6 Qd5 26. Qxd5 cxd5 27. Nxb7 Ng5 28. Re2 Ne4 29. Rc2 Re7 30. f3 Ng5 31. Nd6 Nxf3+ 32. Kg2 Rxe3 33. Rc7 Ng5 34. Rxg7+ Kh8 35. h4 Ne4 36. Rd7 Rxg3+ 37. Kh2 Rg7 38. Nf7+ Kg8 39. Rg1 Kf8 40. Rxg7 Kxg7 41. Ne5+ Kh6 42. Ng4+ Kg6 43. Rxd5 h5 44. Ne3 Rc8 45. a4 Rc3 46. Ng2 Rc2 47. Kg1 Rc1+ 48. Kh2 Rf1 49. a5 f5 50. axb6 axb6 51. Re5 Nf6 52. Kg3 Ne4+ 53. Kh2 Nf6 54. Kg3 Ne4+ 1/2-1/2

[Event "Bundesliga 2223"]
[Site "Germany"]
[Date "2023.04.29"]
[Round "14.4"]
[White "Nikolic, Predrag"]
[Black "Kraemer, Martin"]
[Result "1/2-1/2"]
[WhiteElo "2536"]
[BlackElo "2579"]
[PlyCount "186"]
[EventDate "2022.10.21"]
[EventType "team-tourn"]
[EventRounds "15"]
[EventCountry "GER"]
[SourceTitle "CBM 213 Extra"]
[Source "ChessBase"]
[SourceDate "2023.05.31"]
[SourceVersion "1"]
[SourceVersionDate "2023.05.31"]
[SourceQuality "1"]
[WhiteTeam "Solingen"]
[BlackTeam "Berlin SF"]
[WhiteTeamCountry "GER"]
[BlackTeamCountry "GER"]

1. d4 d5 2. c4 dxc4 3. Nf3 Nf6 4. e3 e6 5. Bxc4 a6 6. 0-0 c5 7. dxc5 Bxc5 8. Qxd8+ Kxd8 9. b3 Ke7 10. Nbd2 Nbd7 11. Be2 b6 12. a3 a5 13. Bb2 Bb7 14. Nd4 Rhc8 15. Rfc1 Bxd4 16. Bxd4 e5 17. Bb2 Ne4 18. Nc4 Nec5 19. Nxe5 Nxb3 20. Rxc8 Rxc8 21. Rd1 Nxe5 22. Bxe5 f6 23. Bd6+ Ke6 24. Bf4 g5 25. Bg3 Rc1 26. f3 Rxd1+ 27. Bxd1 Bd5 28. Be2 Kd7 29. Be1 Nc5 30. Bc3 Ke6 31. Kf2 f5 32. Bd4 Nd7 33. Kg3 a4 34. Bb5 Bb3 35. h4 h6 36. Bg7 Ne5 37. Bxh6 gxh4+ 38. Kxh4 Nc4 39. Bxc4+ Bxc4 40. g4 Bd5 41. Kg3 fxg4 42. Kxg4 Bc6 43. e4 Bb7 44. Bg7 Bc6 45. Bd4 Bb7 46. Bxb6 Bc6 47. Kf4 Be8 48. Bd4 Bh5 49. Bc3 Be8 50. Kg4 Bc6 51. Kg5 Bb7 52. Kf4 Bc6 53. Ke3 Be8 54. f4 Bc6 55. Kd4 Bb7 56. f5+ Kf7 57. e5 Bc8 58. e6+ Bxe6 59. fxe6+ Kxe6 60. Kc5 Kd7 61. Be5 Kc8 62. Kc6 Kd8 63. Kb7 Kd7 64. Bc7 Ke7 65. Kc8 Ke8 66. Bd6 Kf7 67. Kd7 Kg8 68. Ke7 Kg7 69. Be5+ Kg8 70. Bd4 Kh7 71. Kf7 Kh6 72. Kg8 Kg6 73. Bg7 Kf5 74. Kf7 Kg5 75. Ke6 Kg6 76. Bf6 Kh7 77. Bd4 Kg8 78. Ke7 Kh7 79. Kd6 Kg8 80. Ke7 Kh7 81. Be5 Kg8 82. Ke8 Kh7 83. Kf7 Kh6 84. Bf4+ Kh7 85. Ke6 Kg7 86. Ke7 Kg8 87. Bh6 Kh7 88. Kd6 Kxh6 89. Kc6 Kg6 90. Kb5 Kf6 91. Kxa4 Ke6 92. Kb5 Kd7 93. Kb6 Kc8 1/2-1/2

[Event "Bundesliga 2223"]
[Site "Germany"]
[Date "2023.02.26"]
[Round "9.7"]
[White "Kraemer, Martin"]
[Black "Burg, Twan"]
[Result "1/2-1/2"]
[WhiteElo "2579"]
[BlackElo "2511"]
[PlyCount "95"]
[EventDate "2022.10.21"]
[EventType "team-tourn"]
[EventRounds "15"]
[EventCountry "GER"]
[SourceTitle "CBM 213 Extra"]
[Source "ChessBase"]
[SourceDate "2023.05.31"]
[SourceVersion "1"]
[SourceVersionDate "2023.05.31"]
[SourceQuality "1"]
[WhiteTeam "Berlin SF"]
[BlackTeam "Remagen Sinzig"]
[WhiteTeamCountry "GER"]
[BlackTeamCountry "GER"]

1. d4 Nf6 2. c4 e6 3. Nf3 d5 4. Nc3 Be7 5. Bf4 0-0 6. e3 Nbd7 7. c5 c6 8. h3 b6 9. b4 a5 10. a3 Ba6 11. Bxa6 Rxa6 12. 0-0 Qc8 13. Qc2 Qb7 14. Nd2 Ra7 15. Nb3 axb4 16. axb4 Rfa8 17. Rab1 Qa6 18. Rfc1 bxc5 19. bxc5 Bd8 20. Nd2 Bc7 21. Bxc7 Rxc7 22. f4 Rb7 23. Rxb7 Qxb7 24. Rb1 Qc8 25. Nf3 Qa6 26. Ne5 Nxe5 27. fxe5 Nd7 28. Ne2 Rb8 29. Rxb8+ Nxb8 30. Qb1 Nd7 31. Nf4 Qa3 32. Kf2 Qa6 33. Qb3 Kf8 34. e4 dxe4 35. Ke3 Ke7 36. Kxe4 Qf1 37. Qg3 Qb1+ 38. Ke3 Qg1+ 39. Kd3 Qd1+ 40. Ke3 Qg1+ 41. Qf2 Qxf2+ 42. Kxf2 f6 43. Nd3 fxe5 44. dxe5 Nb8 45. Nb4 Nd7 46. Nd3 Nb8 47. Ke3 Na6 48. Ke4 1/2-1/2

[Event "Sitges Sunway op 9th"]
[Site "Sitges"]
[Date "2022.12.19"]
[Round "7"]
[White "Kraemer, Martin"]
[Black "Jain, Kashish Manoj"]
[Result "1/2-1/2"]
[WhiteElo "2583"]
[BlackElo "2334"]
[PlyCount "55"]
[EventDate "2022.12.12"]
[EventType "swiss"]
[EventRounds "10"]
[EventCountry "ESP"]
[SourceTitle "CBM 211 Extra"]
[Source "ChessBase"]
[SourceDate "2023.01.31"]
[SourceVersion "1"]
[SourceVersionDate "2023.01.31"]
[SourceQuality "1"]

1. e4 c5 2. Nf3 d6 3. d4 cxd4 4. Nxd4 Nf6 5. Nc3 Nc6 6. Bg5 e6 7. Qd2 a6 8. 0-0-0 Bd7 9. f4 b5 10. Bxf6 gxf6 11. Kb1 Qb6 12. Nxc6 Bxc6 13. f5 h5 14. fxe6 fxe6 15. Qe1 0-0-0 16. Bd3 Qc5 17. Rf1 Rg8 18. Ne2 Qe5 19. Qf2 Bb7 20. Nf4 Bh6 21. g3 h4 22. gxh4 Rg4 23. Ne2 Bxe4 24. Bxe4 Rxe4 25. Qb6 Rxe2 26. Qc6+ Kb8 27. Qb6+ Kc8 28. Qc6+ 1/2-1/2

[Event "Sitges Sunway op 9th"]
[Site "Sitges"]
[Date "2022.12.17"]
[Round "6"]
[White "Sidhant, Mohapatra"]
[Black "Kraemer, Martin"]
[Result "1/2-1/2"]
[WhiteElo "2337"]
[BlackElo "2583"]
[PlyCount "60"]
[EventDate "2022.12.12"]
[EventType "swiss"]
[EventRounds "10"]
[EventCountry "ESP"]
[SourceTitle "CBM 211 Extra"]
[Source "ChessBase"]
[SourceDate "2023.01.31"]
[SourceVersion "1"]
[SourceVersionDate "2023.01.31"]
[SourceQuality "1"]

1. e4 e5 2. Nf3 Nc6 3. Nc3 Nf6 4. d4 exd4 5. Nxd4 Bb4 6. Nxc6 bxc6 7. Bd3 0-0 8. 0-0 d5 9. Bd2 Rb8 10. Re1 Re8 11. a3 Bd6 12. h3 Be5 13. Rb1 h6 14. b4 Bxc3 15. Bxc3 dxe4 16. Bxf6 Qxf6 17. Bxe4 Bf5 18. Bxf5 Qxf5 19. Qd3 Qxd3 20. cxd3 Rxe1+ 21. Rxe1 Rd8 22. Rc1 Rxd3 23. Rxc6 Rxa3 24. Rxc7 Rb3 25. Rxa7 Rxb4 26. Ra8+ Kh7 27. Ra7 Kg8 28. Ra8+ Kh7 29. Ra7 Kg8 30. Ra6 Kf8 1/2-1/2

[Event "Sitges Sunway op 9th"]
[Site "Sitges"]
[Date "2022.12.16"]
[Round "5"]
[White "Kraemer, Martin"]
[Black "Dionisi, Thomas"]
[Result "1-0"]
[WhiteElo "2583"]
[BlackElo "2390"]
[PlyCount "61"]
[EventDate "2022.12.12"]
[EventType "swiss"]
[EventRounds "10"]
[EventCountry "ESP"]
[SourceTitle "CBM 211 Extra"]
[Source "ChessBase"]
[SourceDate "2023.01.31"]
[SourceVersion "1"]
[SourceVersionDate "2023.01.31"]
[SourceQuality "1"]

1. e4 e5 2. Nf3 Nc6 3. Bb5 a6 4. Ba4 Nf6 5. 0-0 Nxe4 6. d4 b5 7. Bb3 d5 8. dxe5 Be6 9. Nbd2 Nc5 10. c3 d4 11. Bxe6 Nxe6 12. cxd4 Ncxd4 13. Ne4 Qd5 14. Nxd4 Nxd4 15. Nc3 Qc4 16. Be3 Rd8 17. Bxd4 Rxd4 18. Qf3 Rd8 19. Rfd1 c6 20. e6 fxe6 21. Qh5+ g6 22. Qe5 Rg8 23. Ne4 Rxd1+ 24. Rxd1 Be7 25. Nf6+ Kf7 26. Nxg8 Kxg8 27. b3 Qg4 28. f3 Qf5 29. Qxf5 exf5 30. Rd7 Kf8 31. Kf1 1-0

[Event "SUI-chT"]
[Site "Switzerland"]
[Date "2022.11.12"]
[Round "8.1"]
[White "Bauer, Christian"]
[Black "Kraemer, Martin"]
[Result "1/2-1/2"]
[WhiteElo "2596"]
[BlackElo "2578"]
[PlyCount "211"]
[EventDate "2022.05.01"]
[EventType "team-tourn"]
[EventRounds "9"]
[EventCountry "SUI"]
[SourceTitle "EXT 2024"]
[Source "ChessBase"]
[SourceDate "2023.10.10"]
[SourceVersion "1"]
[SourceVersionDate "2023.10.10"]
[SourceQuality "1"]
[WhiteTeam "Zuerich"]
[BlackTeam "Luzern"]
[WhiteTeamCountry "SUI"]
[BlackTeamCountry "SUI"]

1. e4 e5 2. Nf3 Nc6 3. Bb5 a6 4. Ba4 Nf6 5. 0-0 Be7 6. Re1 b5 7. Bb3 0-0 8. d3 d6 9. a3 Be6 10. Nc3 Qd7 11. h3 Na5 12. Ba2 c5 13. Bg5 Nc6 14. Nd5 Bxd5 15. exd5 Nd4 16. Nd2 h6 17. Bxf6 Bxf6 18. c3 Nf5 19. Ne4 Be7 20. Qg4 g6 21. a4 h5 22. Qe2 Kg7 23. Bb3 Nh6 24. Nd2 f5 25. Bc2 Bf6 26. Ra2 Qb7 27. Bb3 Ng8 28. Rea1 Ne7 29. axb5 axb5 30. Qd1 Rfb8 31. Rxa8 Rxa8 32. Rxa8 Qxa8 33. Nf1 h4 34. Ne3 Bg5 35. Nc2 Nxd5 36. Qf3 Nc7 37. Qxa8 Nxa8 38. Na3 Nc7 39. c4 bxc4 40. Nxc4 Bc1 41. Ba4 d5 42. Nxe5 Bxb2 43. Nf3 Bf6 44. Bb3 Kf7 45. g3 g5 46. gxh4 gxh4 47. Kf1 Ke7 48. Ne1 Kd6 49. f4 Ne6 50. Ng2 Bb2 51. Ke1 Bc1 52. Nxh4 Nd4 53. Ba2 Bxf4 54. Kf2 Bc1 55. Nf3 Ne6 56. h4 Nf4 57. Bb1 d4 58. Ne1 Ke5 59. Nf3+ Kf6 60. Ne1 Be3+ 61. Kf3 Bd2 62. Ng2 Ng6 63. Ke2 Bh6 64. Ba2 Ne5 65. Ne1 Ke7 66. Bb3 Kd6 67. Ba2 Ng6 68. Ng2 Ne7 69. Bb3 Nd5 70. Kf3 Nb4 71. Bc4 Nc6 72. Ke2 Ne5 73. Bg8 Ng6 74. Bf7 Ne7 75. Bb3 Kc6 76. Bc4 Kb6 77. Be6 Kc7 78. Bc4 Kd6 79. Bb3 Ke5 80. Kf3 Nc8 81. Ke2 Nd6 82. Bg8 Nb5 83. Bc4 Nc3+ 84. Kf3 Nb1 85. Ke2 Nd2 86. Bg8 Nb1 87. Bc4 Na3 88. Bg8 Nc2 89. Bb3 Nb4 90. Bc4 Nd5 91. Bb3 Ne7 92. Ba2 Bg7 93. Bb3 Nc8 94. Ba2 Bf8 95. Kf3 Nd6 96. Ke2 Be7 97. Bb3 Bf8 98. Bg8 Ne8 99. Bf7 Nd6 100. Bg8 Bh6 101. Bb3 Ne8 102. Bf7 Nf6 103. Bb3 Nd5 104. Kf3 Nc3 105. Bc4 Bc1 106. Bg8 1/2-1/2

[Event "SUI-chT"]
[Site "Switzerland"]
[Date "2022.09.03"]
[Round "4.1"]
[White "Kraemer, Martin"]
[Black "Bogner, Sebastian"]
[Result "1/2-1/2"]
[WhiteElo "2578"]
[BlackElo "2553"]
[PlyCount "69"]
[EventDate "2022.05.01"]
[EventType "team-tourn"]
[EventRounds "9"]
[EventCountry "SUI"]
[SourceTitle "EXT 2023"]
[Source "ChessBase"]
[SourceDate "2022.10.05"]
[SourceVersion "1"]
[SourceVersionDate "2022.10.05"]
[SourceQuality "1"]
[WhiteTeam "Luzern"]
[BlackTeam "Reti"]
[WhiteTeamCountry "SUI"]
[BlackTeamCountry "SUI"]

1. e4 e5 2. Nf3 Nf6 3. Nxe5 d6 4. Nf3 Nxe4 5. d4 d5 6. Bd3 Bd6 7. 0-0 0-0 8. c4 c6 9. Re1 Bf5 10. Qb3 Qd7 11. Nc3 Nxc3 12. Bxf5 Qxf5 13. bxc3 b6 14. cxd5 cxd5 15. Qb5 Qd7 16. Rb1 Rd8 17. g3 Bc7 18. c4 Nc6 19. Bg5 f6 20. Bd2 Ne7 21. a4 dxc4 22. Qxc4+ Kh8 23. a5 Rac8 24. Qa6 Nd5 25. Kg2 Rb8 26. h3 Bd6 27. Qc4 Bf8 28. axb6 axb6 29. Qb5 Kg8 30. Rec1 Qf7 31. Qd3 Ra8 32. Ra1 Rab8 33. Rab1 Ra8 34. Ra1 Rab8 35. Rab1 1/2-1/2

[Event "Bundesliga 2122"]
[Site "Germany"]
[Date "2022.07.09"]
[Round "14.3"]
[White "Kraemer, Martin"]
[Black "Pruijssers, Roeland"]
[Result "1-0"]
[WhiteElo "2584"]
[BlackElo "2570"]
[PlyCount "55"]
[EventDate "2022.03.05"]
[EventType "team-tourn"]
[EventRounds "15"]
[EventCountry "GER"]
[SourceTitle "CBM 209 Extra"]
[Source "ChessBase"]
[SourceDate "2022.09.30"]
[SourceVersion "1"]
[SourceVersionDate "2022.09.30"]
[SourceQuality "1"]
[WhiteTeam "Berlin SF"]
[BlackTeam "Werder Bremen"]
[WhiteTeamCountry "GER"]
[BlackTeamCountry "GER"]

1. d4 f5 2. Bf4 Nf6 3. e3 e6 4. Nf3 b6 5. h3 Bb7 6. Be2 g6 7. c4 Bg7 8. 0-0 0-0 9. Nc3 Ne4 10. Qb3 Nc6 11. Rad1 Qe7 12. c5 d6 13. cxd6 cxd6 14. Qa3 Rad8 15. d5 Na5 16. dxe6 Nxc3 17. bxc3 Qxe6 18. Bxd6 Bxf3 19. Bxf8 Rxd1 20. Rxd1 Bxf8 21. Rd8 Qf6 22. Qxf8+ Qxf8 23. Rxf8+ Kxf8 24. Bxf3 Ke7 25. Bd5 g5 26. f3 Kd6 27. e4 f4 28. h4 1-0

[Event "Bundesliga 2122"]
[Site "Germany"]
[Date "2022.05.28"]
[Round "9.3"]
[White "Kraemer, Martin"]
[Black "Timman, Jan H"]
[Result "1/2-1/2"]
[WhiteElo "2584"]
[BlackElo "2536"]
[PlyCount "68"]
[EventDate "2022.03.05"]
[EventType "team-tourn"]
[EventRounds "15"]
[EventCountry "GER"]
[SourceTitle "EXT 2023"]
[Source "ChessBase"]
[SourceDate "2022.10.05"]
[SourceVersion "1"]
[SourceVersionDate "2022.10.05"]
[SourceQuality "1"]
[WhiteTeam "Berlin SF"]
[BlackTeam "Duesseldorf"]
[WhiteTeamCountry "GER"]
[BlackTeamCountry "GER"]

1. d4 Nf6 2. c4 e6 3. Nf3 b6 4. g3 Ba6 5. b3 Bb4+ 6. Bd2 Be7 7. Bg2 c6 8. 0-0 d5 9. Qc2 0-0 10. Rd1 Nbd7 11. Bf4 Rc8 12. Nc3 Nh5 13. Bc1 Nhf6 14. e4 Nxe4 15. Nxe4 dxe4 16. Qxe4 b5 17. Qc2 bxc4 18. bxc4 Qa5 19. Bd2 Qa3 20. Bf4 c5 21. d5 exd5 22. cxd5 Bf6 23. Rac1 c4 24. d6 Bb5 25. Re1 Ba4 26. Qe4 c3 27. Qe3 Qc5 28. Ne5 Bxe5 29. Bxe5 Nxe5 30. Qxe5 Rfe8 31. Qxc5 Rxe1+ 32. Rxe1 Rxc5 33. Be4 Kf8 34. Bc2 Bc6 1/2-1/2

[Event "SUI-chT"]
[Site "Switzerland"]
[Date "2021.12.12"]
[Round "9.1"]
[White "Kraemer, Martin"]
[Black "Bauer, Christian"]
[Result "1/2-1/2"]
[WhiteElo "2574"]
[BlackElo "2650"]
[PlyCount "83"]
[EventDate "2021.08.29"]
[EventType "team-tourn"]
[EventRounds "9"]
[EventCountry "SUI"]
[SourceTitle "EXT 2023"]
[Source "ChessBase"]
[SourceDate "2022.10.05"]
[SourceVersion "1"]
[SourceVersionDate "2022.10.05"]
[SourceQuality "1"]
[WhiteTeam "Luzern"]
[BlackTeam "Zuerich"]
[WhiteTeamCountry "SUI"]
[BlackTeamCountry "SUI"]

1. e4 Nf6 2. e5 Nd5 3. d4 d6 4. c4 Nb6 5. f4 dxe5 6. fxe5 Bf5 7. Nc3 e6 8. Nf3 Bb4 9. a3 Bxc3+ 10. bxc3 Nc6 11. Be2 0-0 12. 0-0 Na5 13. Bg5 Qd7 14. Nh4 Bg6 15. c5 Nd5 16. Nxg6 fxg6 17. Qd3 Rf5 18. Rxf5 gxf5 19. c4 Ne7 20. Rd1 Ng6 21. Qc3 Nc6 22. Bh5 b6 23. cxb6 axb6 24. Bxg6 hxg6 25. d5 Re8 26. Bf4 Na5 27. Qb4 exd5 28. cxd5 g5 29. Bxg5 Rxe5 30. d6 Re6 31. Bf4 Nb7 32. Qb3 Nxd6 33. Bxd6 cxd6 34. Qxb6 Kh7 35. Qf2 Qb5 36. a4 Qe5 37. h3 g6 38. Qd4 Qxd4+ 39. Rxd4 Re1+ 40. Kh2 Ra1 41. Rxd6 Rxa4 42. Kg1 1/2-1/2

[Event "SUI-chT"]
[Site "Switzerland"]
[Date "2021.11.06"]
[Round "6.1"]
[White "Kraemer, Martin"]
[Black "Renet, Olivier"]
[Result "1-0"]
[WhiteElo "2574"]
[BlackElo "2463"]
[PlyCount "89"]
[EventDate "2021.08.29"]
[EventType "team-tourn"]
[EventRounds "9"]
[EventCountry "SUI"]
[SourceTitle "EXT 2023"]
[Source "ChessBase"]
[SourceDate "2022.10.05"]
[SourceVersion "1"]
[SourceVersionDate "2022.10.05"]
[SourceQuality "1"]
[WhiteTeam "Luzern"]
[BlackTeam "Riehen"]
[WhiteTeamCountry "SUI"]
[BlackTeamCountry "SUI"]

1. d4 Nf6 2. c4 g6 3. Nf3 Bg7 4. Nc3 0-0 5. e4 d6 6. h3 e5 7. d5 a5 8. Be3 Na6 9. g4 Nd7 10. a3 Nb6 11. Rg1 Kh8 12. h4 Nc5 13. g5 f5 14. Nd2 Bd7 15. Qc2 c6 16. 0-0-0 cxd5 17. Bxc5 dxc5 18. cxd5 Qe8 19. Kb1 a4 20. f3 Nc8 21. Qd3 Nd6 22. Nc4 fxe4 23. fxe4 Nxc4 24. Qxc4 Rc8 25. Be2 Rf4 26. Rh1 b5 27. Nxb5 Rxe4 28. Qxe4 Bf5 29. Qxf5 gxf5 30. Nd6 Qf8 31. Nxc8 Qxc8 32. d6 e4 33. d7 Qd8 34. Rhf1 Bd4 35. Rxf5 Qxd7 36. Rxc5 Qd6 37. Rc4 Qh2 38. Rc2 Qe5 39. Rcd2 Bb6 40. Rd6 Bc7 41. Rd7 Bb6 42. Rc1 Bc5 43. Bc4 h5 44. Rd8+ Kg7 45. Rf1 1-0

[Event "SUI-chT"]
[Site "Switzerland"]
[Date "2021.09.19"]
[Round "2.1"]
[White "Maier, Christian"]
[Black "Kraemer, Martin"]
[Result "0-1"]
[WhiteElo "2293"]
[BlackElo "2574"]
[PlyCount "56"]
[EventDate "2021.08.29"]
[EventType "team-tourn"]
[EventRounds "9"]
[EventCountry "SUI"]
[SourceTitle "EXT 2022"]
[Source "ChessBase"]
[SourceDate "2021.10.06"]
[SourceVersion "1"]
[SourceVersionDate "2021.10.06"]
[SourceQuality "1"]
[WhiteTeam "Reti"]
[BlackTeam "Luzern"]
[WhiteTeamCountry "SUI"]
[BlackTeamCountry "SUI"]

1. e4 e5 2. Nf3 Nc6 3. Bb5 a6 4. Ba4 Nf6 5. 0-0 Be7 6. d4 exd4 7. e5 Ne4 8. Nxd4 Nc5 9. Nf5 0-0 10. Qg4 g6 11. Bxc6 dxc6 12. Nxe7+ Qxe7 13. Qg3 Re8 14. Nc3 Bf5 15. Be3 Ne6 16. Rac1 Qb4 17. Nd1 Rad8 18. a3 Qb5 19. f4 c5 20. Qf3 Nd4 21. Bxd4 cxd4 22. g4 Bd7 23. c4 Qb6 24. Nf2 d3 25. b4 Bc6 26. Qg3 Qd4 27. Rfd1 g5 28. fxg5 d2 0-1